[Event "43. Olimpiada Batumi 2018 Femenina"]
[Site "Batumi GEO"]
[Date "2018.09.26"]
[Round "3.3"]
[White "Gvetadze, Sofio"]
[Black "Matnadze, Ana"]
[Result "0-1"]
[WhiteElo "2325"]
[BlackElo "2362"]
[PlyCount "100"]
[EventDate "2018.09.24"]
[EventType "team-swiss"]
[EventRounds "11"]
[EventCountry "GEO"]
[SourceTitle "Ajedrez en Madrid"]
[Source "lmi"]
[SourceDate "2018.09.24"]
[WhiteTeam "Georgia 2"]
[BlackTeam "Spain"]
[BlackTeamCountry "ESP"]

1. c4 e6 2. Nf3 Nf6 3. e3 d5 4. b3 c6 5. Be2 Be7 6. O-O O-O 7. Bb2 b6 8. d3 Bb7
9. Nbd2 a5 10. a3 c5 11. Ne5 Ne8 12. cxd5 exd5 13. Bg4 Bf6 14. d4 Qe7 15. Bh3
Nd6 16. Ng4 c4 17. Nxf6+ Qxf6 18. bxc4 dxc4 19. a4 Na6 20. Qb1 Nb4 21. Bc3 Nd5
22. Rc1 Rfe8 23. Bb2 Nxe3 24. fxe3 Rxe3 25. Nxc4 Rxh3 26. d5 Qh4 27. gxh3 Qg5+
28. Kf2 Qf4+ 29. Kg1 Nxc4 30. Qc2 Qg5+ 31. Qg2 Qxg2+ 32. Kxg2 Bxd5+ 33. Kg3
Nxb2 34. Rcb1 Nc4 35. Rd1 Be6 36. Rab1 g6 37. h4 Kg7 38. h5 Rc8 39. hxg6 hxg6
40. Rbc1 Rc5 41. h4 Kf6 42. Rd4 Ke7 43. Rb1 Nd6 44. Kf4 Nf5 45. Re4 Rc2 46.
Rxb6 Rf2+ 47. Kg5 Nd6 48. Re1 Rf5+ 49. Kh6 Rh5+ 50. Kg7 Ne8+ 0-1

[Event "43. Olimpiada Batumi 2018 Femenina"]
[Site "Batumi GEO"]
[Date "2018.09.26"]
[Round "3.4"]
[White "Calzetta Ruiz, Monica"]
[Black "Khukhashvili, Sopiko"]
[Result "1/2-1/2"]
[WhiteElo "2235"]
[BlackElo "2301"]
[PlyCount "98"]
[EventDate "2018.09.24"]
[EventType "team-swiss"]
[EventRounds "11"]
[EventCountry "GEO"]
[SourceTitle "Ajedrez en Madrid"]
[Source "lmi"]
[SourceDate "2018.09.24"]
[WhiteTeam "Spain"]
[BlackTeam "Georgia 2"]
[WhiteTeamCountry "ESP"]

1. e4 c5 2. Nf3 b6 3. d4 cxd4 4. Nxd4 Bb7 5. Nc3 a6 6. Bd3 e6 7. Qe2 Qc7 8. f4
d6 9. Bd2 Nd7 10. O-O Be7 11. Kh1 Ngf6 12. b4 h5 13. b5 a5 14. Nc6 Nc5 15. e5
dxe5 16. fxe5 Ng4 17. Ne4 Bxc6 18. bxc6 Nxd3 19. cxd3 Qxc6 20. d4 f5 21. Ng5
Bxg5 22. Bxg5 Kf7 23. h3 Kg6 24. Bh4 Qc3 25. Rad1 Qe3 26. Qb2 Kf7 27. Qxb6 Qe4
28. Qc7+ Kg6 29. Qe7 Rh6 30. Qg5+ Kh7 31. hxg4 hxg4 32. Kg1 Rc8 33. Rf2 Rc3 34.
Qd2 g3 35. Rf4 Qc6 36. Qe2 Rc2 37. Qf3 Qxf3 38. gxf3 Kg8 39. d5 exd5 40. Rxd5
Rb6 41. Rd8+ Kh7 42. Rd1 Rbb2 43. e6 Rg2+ 44. Kh1 Rh2+ 45. Kg1 Rbg2+ 46. Kf1
Rxa2 47. Kg1 Rag2+ 48. Kf1 Rf2+ 49. Kg1 Rfg2+ 1/2-1/2

[Event "43. Olimpiada Batumi 2018 Femenina"]
[Site "Batumi GEO"]
[Date "2018.09.26"]
[Round "3.1"]
[White "Olsarova, Karolina"]
[Black "Sedina, Elena"]
[Result "1/2-1/2"]
[WhiteElo "2303"]
[BlackElo "2267"]
[PlyCount "66"]
[EventDate "2018.09.24"]
[EventType "team-swiss"]
[EventRounds "11"]
[EventCountry "GEO"]
[SourceTitle "Ajedrez en Madrid"]
[Source "lmi"]
[SourceDate "2018.09.24"]
[WhiteTeam "Czech Republic"]
[BlackTeam "Italy"]
[WhiteTeamCountry "CZE"]
[BlackTeamCountry "ITA"]

1. e4 e6 2. d4 d5 3. Nd2 c5 4. exd5 exd5 5. Ngf3 Nc6 6. Bb5 Qe7+ 7. Be2 Qc7 8.
O-O Nf6 9. Re1 Be7 10. dxc5 Bxc5 11. Nb3 Be7 12. Nbd4 O-O 13. c3 h6 14. h3 Re8
15. Bd3 Bd7 16. Bd2 Bc5 17. Be3 Ne4 18. Qb3 Rad8 19. Rad1 Bc8 20. Bb1 Na5 21.
Qc2 Nc4 22. Bc1 a6 23. a4 Ba7 24. Re2 Bb8 25. Rde1 f5 26. g3 Qf7 27. b3 Ncd6
28. Bf4 g5 29. Bxd6 Bxd6 30. Kg2 Re7 31. Qc1 Rde8 32. Bd3 Kh8 33. Qb2 Qg7
1/2-1/2

[Event "43. Olimpiada Batumi 2018 Femenina"]
[Site "Batumi GEO"]
[Date "2018.09.26"]
[Round "3.2"]
[White "Di Benedetto, Desiree"]
[Black "Worek, Joanna"]
[Result "1/2-1/2"]
[WhiteElo "2321"]
[BlackElo "2295"]
[PlyCount "111"]
[EventDate "2018.09.24"]
[EventType "team-swiss"]
[EventRounds "11"]
[EventCountry "GEO"]
[SourceTitle "Ajedrez en Madrid"]
[Source "lmi"]
[SourceDate "2018.09.24"]
[WhiteTeam "Italy"]
[BlackTeam "Czech Republic"]
[WhiteTeamCountry "ITA"]
[BlackTeamCountry "CZE"]

1. d4 Nf6 2. c4 e6 3. Nc3 c5 4. d5 exd5 5. cxd5 d6 6. Nf3 g6 7. Bf4 a6 8. a4
Bg7 9. e3 O-O 10. Be2 Nh5 11. Bg5 Qc7 12. Nd2 Nf6 13. O-O Nbd7 14. Bf4 Re8 15.
h3 Ne5 16. Bh2 g5 17. Bxe5 dxe5 18. e4 Bd7 19. a5 b5 20. axb6 Qxb6 21. Nc4 Qc7
22. Ra3 h6 23. Ne3 Reb8 24. Qa1 a5 25. Nc4 Rb4 26. Nxa5 Bf8 27. Nc4 Rab8 28.
Ra7 R8b7 29. Ra6 Qd8 30. Nxe5 Rxb2 31. Bc4 Bg7 32. Ra8 Rb8 33. Qxb2 Rxa8 34. d6
Be8 35. Qb3 Qxd6 36. Bxf7+ Kh8 37. Bxe8 Qxe5 38. Bg6 g4 39. Nd5 gxh3 40. Qxh3
Nxd5 41. exd5 Qxd5 42. Bc2 Rf8 43. Qg4 Qc6 44. Re1 Re8 45. Rd1 Qf6 46. Qc4 Qc3
47. Qf7 Re1+ 48. Rxe1 Qxe1+ 49. Kh2 Qe5+ 50. f4 Qe1 51. Qh5 c4 52. Qg4 Bf8 53.
Bf5 Bc5 54. Qf3 Qg1+ 55. Kg3 Qe3 56. Qxe3 1/2-1/2

[Event "43. Olimpiada Batumi 2018 Femenina"]
[Site "Batumi GEO"]
[Date "2018.09.26"]
[Round "3.3"]
[White "Novosadova, Kristyna"]
[Black "Brunello, Marina"]
[Result "0-1"]
[WhiteElo "2231"]
[BlackElo "2294"]
[PlyCount "108"]
[EventDate "2018.09.24"]
[EventType "team-swiss"]
[EventRounds "11"]
[EventCountry "GEO"]
[SourceTitle "Ajedrez en Madrid"]
[Source "lmi"]
[SourceDate "2018.09.24"]
[WhiteTeam "Czech Republic"]
[BlackTeam "Italy"]
[WhiteTeamCountry "CZE"]
[BlackTeamCountry "ITA"]

1. e4 c5 2. Nf3 d6 3. c3 Nf6 4. h3 Nc6 5. Bd3 g6 6. Bc2 Bg7 7. d4 O-O 8. d5 Nb8
9. c4 b5 10. cxb5 a6 11. b6 Nbd7 12. Nc3 Rb8 13. O-O Rxb6 14. Nd2 Nh5 15. Nc4
Rb4 16. Bd3 Ne5 17. Nxe5 Bxe5 18. f4 Bd4+ 19. Kh2 e6 20. a3 Rb8 21. Ra2 Re8 22.
g4 Nf6 23. Ne2 exd5 24. Nxd4 cxd4 25. e5 Ne4 26. Bxe4 dxe4 27. Qxd4 dxe5 28.
Qxd8 Rxd8 29. fxe5 Be6 30. Ra1 Rb3 31. Bg5 Rxb2+ 32. Kg3 Rd3+ 33. Kf4 Rxh3 34.
Rab1 Rxb1 35. Rxb1 h6 36. Rb8+ Kh7 37. Bf6 g5+ 38. Kxe4 Bxg4 39. Rh8+ Kg6 40.
Rg8+ Kh5 41. Be7 Be6 42. Ra8 Rh4+ 43. Kd3 Bc4+ 44. Kc3 Kg6 45. Rb8 Be6 46. Rb6
Ra4 47. Rb2 g4 48. Kd2 Kf5 49. Bd6 h5 50. Ke3 g3 51. Kf3 h4 52. Kg2 Kg4 53. Rb8
h3+ 54. Kf1 h2 0-1

[Event "43. Olimpiada Batumi 2018 Femenina"]
[Site "Batumi GEO"]
[Date "2018.09.26"]
[Round "3.4"]
[White "Movileanu, Daniela"]
[Black "Sikorova, Olga"]
[Result "1/2-1/2"]
[WhiteElo "2168"]
[BlackElo "2276"]
[PlyCount "104"]
[EventDate "2018.09.24"]
[EventType "team-swiss"]
[EventRounds "11"]
[EventCountry "GEO"]
[SourceTitle "Ajedrez en Madrid"]
[Source "lmi"]
[SourceDate "2018.09.24"]
[WhiteTeam "Italy"]
[BlackTeam "Czech Republic"]
[WhiteTeamCountry "ITA"]
[BlackTeamCountry "CZE"]

1. e4 e6 2. d4 d5 3. Nd2 c5 4. Ngf3 cxd4 5. Nxd4 Nc6 6. Bb5 Bd7 7. Nxc6 Bxc6 8.
Bxc6+ bxc6 9. O-O Nf6 10. c4 dxe4 11. Qa4 Qc7 12. Nb3 Bd6 13. h3 O-O 14. c5
Bh2+ 15. Kh1 Be5 16. Rb1 Rfd8 17. Be3 h6 18. Rfe1 Rac8 19. Nd2 Rd5 20. Nxe4
Nxe4 21. Qxe4 f5 22. Qc4 f4 23. Bc1 f3 24. Be3 fxg2+ 25. Kxg2 Rf8 26. Qe4 Rf6
27. b4 Qd7 28. Rg1 Bd4 29. Kh1 Bxe3 30. fxe3 Rd2 31. Rg2 Rxg2 32. Qxg2 e5 33.
Rf1 Rxf1+ 34. Qxf1 Qd2 35. Qc4+ Kh8 36. Qb3 Qe1+ 37. Kg2 Qe2+ 38. Kg1 Qe1+ 39.
Kg2 Qe2+ 40. Kg1 a6 41. a3 e4 42. Kh1 Qf3+ 43. Kh2 Kh7 44. Qe6 Qf2+ 45. Kh1
Qf1+ 46. Kh2 Qf2+ 47. Kh1 Qxe3 48. Qf5+ Kg8 49. Qe6+ Kf8 50. Qf5+ Ke7 51. Qe5+
Kf7 52. Qf5+ Ke7 1/2-1/2

[Event "43. Olimpiada Batumi 2018 Femenina"]
[Site "Batumi GEO"]
[Date "2018.09.26"]
[Round "3.1"]
[White "Repkova, Eva"]
[Black "Khademalsharieh, Sarasadat"]
[Result "0-1"]
[WhiteElo "2288"]
[BlackElo "2431"]
[PlyCount "70"]
[EventDate "2018.09.24"]
[EventType "team-swiss"]
[EventRounds "11"]
[EventCountry "GEO"]
[SourceTitle "Ajedrez en Madrid"]
[Source "lmi"]
[SourceDate "2018.09.24"]
[WhiteTeam "Slovakia"]
[BlackTeam "Iran"]
[WhiteTeamCountry "SVK"]
[BlackTeamCountry "IRI"]

1. e4 e5 2. Nf3 Nc6 3. Bc4 Bc5 4. d3 Nf6 5. O-O a6 6. c3 d6 7. Bb3 h6 8. Nbd2
O-O 9. Re1 Be6 10. Nf1 Re8 11. Bc2 d5 12. d4 exd4 13. e5 Ne4 14. cxd4 Bb6 15.
Ng3 Bg4 16. Be3 Ng5 17. h4 Ne6 18. Nf5 Ne7 19. Nxe7+ Qxe7 20. Qd3 Nf8 21. Nh2
Bh5 22. f4 Qxh4 23. f5 c5 24. Bf2 Qg5 25. dxc5 Bc7 26. Qd4 f6 27. Qxd5+ Bf7 28.
Qxb7 Bxe5 29. Nf3 Qf4 30. Nxe5 fxe5 31. Qe4 Qg5 32. Bh4 Qd2 33. Red1 Qa5 34. b4
Qa3 35. Rd7 Nxd7 0-1

[Event "43. Olimpiada Batumi 2018 Femenina"]
[Site "Batumi GEO"]
[Date "2018.09.26"]
[Round "3.2"]
[White "Hejazipour, Mitra"]
[Black "Stockova, Zuzana"]
[Result "1/2-1/2"]
[WhiteElo "2254"]
[BlackElo "2290"]
[PlyCount "117"]
[EventDate "2018.09.24"]
[EventType "team-swiss"]
[EventRounds "11"]
[EventCountry "GEO"]
[SourceTitle "Ajedrez en Madrid"]
[Source "lmi"]
[SourceDate "2018.09.24"]
[WhiteTeam "Iran"]
[BlackTeam "Slovakia"]
[WhiteTeamCountry "IRI"]
[BlackTeamCountry "SVK"]

1. d4 Nf6 2. c4 g6 3. Nc3 Bg7 4. e4 d6 5. Be2 O-O 6. Be3 c5 7. d5 e6 8. Nf3
exd5 9. cxd5 b5 10. e5 dxe5 11. Bxc5 Re8 12. Bxb5 Bd7 13. O-O e4 14. Nd4 Qc7
15. b4 Qe5 16. f4 exf3 17. Qxf3 Qe3+ 18. Kh1 a6 19. Bc4 Qxf3 20. Rxf3 Bg4 21.
Rf4 g5 22. Rff1 Nbd7 23. d6 a5 24. h3 axb4 25. Bxb4 Rac8 26. Bxf7+ Kxf7 27.
hxg4 Rc4 28. Nc2 Rec8 29. a3 Rxc3 30. Bxc3 Rxc3 31. Nd4 Rc4 32. Nf5 Bf8 33. a4
Rc6 34. a5 Ra6 35. g3 Kg6 36. Ne7+ Kf7 37. Nf5 Kg6 38. Ra4 Nc5 39. Rc4 Ncd7 40.
Ra1 h5 41. Ne7+ Kf7 42. Rc6 Ra8 43. gxh5 Nxh5 44. Kg2 Nhf6 45. Nc8 Nb8 46. Rc7+
Ke6 47. Re1+ Kf5 48. Ne7+ Bxe7 49. dxe7 Na6 50. Rc6 Ne8 51. Rf1+ Ke5 52. Rf8
Nb4 53. Rg6 Nd5 54. Rxg5+ Ke6 55. Rf1 Ne3+ 56. Kg1 Nxf1 57. Kxf1 Kxe7 58. Kf2
Nd6 59. Ke3 1/2-1/2

[Event "43. Olimpiada Batumi 2018 Femenina"]
[Site "Batumi GEO"]
[Date "2018.09.26"]
[Round "3.3"]
[White "Cibickova, Zuzana"]
[Black "Alinasab, Mobina"]
[Result "0-1"]
[WhiteElo "2268"]
[BlackElo "2261"]
[PlyCount "112"]
[EventDate "2018.09.24"]
[EventType "team-swiss"]
[EventRounds "11"]
[EventCountry "GEO"]
[SourceTitle "Ajedrez en Madrid"]
[Source "lmi"]
[SourceDate "2018.09.24"]
[WhiteTeam "Slovakia"]
[BlackTeam "Iran"]
[WhiteTeamCountry "SVK"]
[BlackTeamCountry "IRI"]

1. e4 e6 2. d4 d5 3. Nc3 Nf6 4. e5 Nfd7 5. f4 c5 6. Nf3 Nc6 7. Be3 Qb6 8. Na4
Qa5+ 9. c3 b6 10. Bd2 c4 11. b4 Nxb4 12. cxb4 Bxb4 13. Rc1 Bxd2+ 14. Nxd2 b5
15. Nc3 b4 16. Nce4 O-O 17. Nxc4 dxc4 18. Bxc4 Ba6 19. Bxa6 Qxa6 20. Qe2 Qxe2+
21. Kxe2 Nb6 22. g3 a5 23. Rb1 Nd5 24. Rhc1 a4 25. h4 Rfb8 26. Kd3 h6 27. Nc5
Kh7 28. Rb2 Kg6 29. Ne4 Ra7 30. Nd6 Raa8 31. Ne4 Ra7 32. Nd6 Raa8 33. h5+ Kxh5
34. Nxf7 Nc3 35. Nd6 a3 36. g4+ Kg6 37. f5+ Kh7 38. Rh2 Nxa2 39. Rch1 b3 40. g5
b2 41. gxh6 Nc1+ 42. Kd2 g6 43. fxg6+ Kg8 44. Rf2 Ra7 45. Ne4 b1=Q 46. Nf6+ Kf8
47. Nh7+ Ke7 48. Rf7+ Kd8 49. Rf8+ Kc7 50. Rxc1+ Qxc1+ 51. Kxc1 Rxf8 52. Nxf8
a2 53. Nxe6+ Kb6 54. h7 a1=Q+ 55. Kd2 Ra2+ 56. Ke3 Qg1+ 0-1

[Event "43. Olimpiada Batumi 2018 Femenina"]
[Site "Batumi GEO"]
[Date "2018.09.26"]
[Round "3.4"]
[White "Asadi, Motahare"]
[Black "Motycakova, Monika"]
[Result "1-0"]
[WhiteElo "2135"]
[BlackElo "2198"]
[PlyCount "127"]
[EventDate "2018.09.24"]
[EventType "team-swiss"]
[EventRounds "11"]
[EventCountry "GEO"]
[SourceTitle "Ajedrez en Madrid"]
[Source "lmi"]
[SourceDate "2018.09.24"]
[WhiteTeam "Iran"]
[BlackTeam "Slovakia"]
[WhiteTeamCountry "IRI"]
[BlackTeamCountry "SVK"]

1. e4 c6 2. d4 d5 3. Nc3 dxe4 4. Nxe4 Bf5 5. Ng3 Bg6 6. h4 h6 7. N1e2 Nf6 8.
Nf4 Bh7 9. Bc4 e6 10. c3 Bd6 11. O-O O-O 12. Re1 Nbd7 13. Nxe6 fxe6 14. Rxe6
Kh8 15. Rxd6 Ne8 16. Re6 Qxh4 17. Bd3 Bxd3 18. Qxd3 Nef6 19. Nf5 Qh5 20. f3
Rae8 21. Re7 Rxe7 22. Nxe7 Re8 23. Ng6+ Kg8 24. Bd2 Nd5 25. c4 Re6 26. Nf4 Nxf4
27. Bxf4 Qh4 28. Qd2 Nf6 29. d5 cxd5 30. cxd5 Re8 31. d6 Nd7 32. Rc1 Kh8 33. g3
Qh5 34. Kg2 Qb5 35. Kf2 a6 36. Rh1 Kg8 37. g4 Nf6 38. Rd1 Rf8 39. d7 Nxd7 40.
Qxd7 Rxf4 41. Qxb5 axb5 42. Rd5 Rf7 43. Rxb5 Re7 44. f4 g6 45. Kf3 Kg7 46. b4
Kf7 47. a4 Kg7 48. Rd5 Kf6 49. b5 Rc7 50. Rd6+ Kg7 51. b6 Rc4 52. Rd7+ Kf6 53.
Rxb7 Rxa4 54. Rc7 Rb4 55. Rc6+ Kf7 56. g5 hxg5 57. fxg5 Rb5 58. Kf4 Rf5+ 59.
Ke4 Rxg5 60. Kd4 Rg1 61. Kc5 g5 62. b7 Rc1+ 63. Kb6 Rb1+ 64. Kc7 1-0

[Event "43. Olimpiada Batumi 2018 Femenina"]
[Site "Batumi GEO"]
[Date "2018.09.26"]
[Round "3.1"]
[White "Sebag, Marie"]
[Black "Dzagnidze, Nana"]
[Result "1/2-1/2"]
[WhiteElo "2480"]
[BlackElo "2509"]
[PlyCount "94"]
[EventDate "2018.09.24"]
[EventType "team-swiss"]
[EventRounds "11"]
[EventCountry "GEO"]
[SourceTitle "Ajedrez en Madrid"]
[Source "lmi"]
[SourceDate "2018.09.24"]
[WhiteTeam "France"]
[BlackTeam "Georgia 1"]
[WhiteTeamCountry "FRA"]

1. e4 c5 2. Nf3 e6 3. c3 Nf6 4. e5 Nd5 5. d4 cxd4 6. cxd4 d6 7. Bc4 Nb6 8. Bd3
Nc6 9. O-O Nb4 10. Bg5 Be7 11. Bxe7 Qxe7 12. Nc3 Nxd3 13. Qxd3 dxe5 14. dxe5
Bd7 15. Nd4 O-O 16. Ne4 Rac8 17. f4 Qb4 18. a3 Qc4 19. Qd2 Qd5 20. Nc3 Qc5 21.
Ne4 Qd5 22. Nc3 Qa5 23. Qf2 Nc4 24. Ne4 Qb6 25. b3 Na5 26. Rad1 Rcd8 27. Rd2
Bc6 28. Nd6 Bd5 29. b4 Nc4 30. Nxc4 Bxc4 31. Rc1 Bd5 32. Ne2 Rc8 33. Qxb6 Rxc1+
34. Nxc1 axb6 35. Rc2 h6 36. Ne2 g5 37. Kf2 Rd8 38. g3 Be4 39. Rc4 Bf5 40. Rd4
Ra8 41. fxg5 hxg5 42. g4 Bg6 43. Rd7 Rxa3 44. Rxb7 Ra2 45. Ke3 Ra3+ 46. Kf2 Ra2
47. Ke3 Ra3+ 1/2-1/2

[Event "43. Olimpiada Batumi 2018 Femenina"]
[Site "Batumi GEO"]
[Date "2018.09.26"]
[Round "3.2"]
[White "Batsiashvili, Nino"]
[Black "Skripchenko, Almira"]
[Result "1-0"]
[WhiteElo "2482"]
[BlackElo "2414"]
[PlyCount "67"]
[EventDate "2018.09.24"]
[EventType "team-swiss"]
[EventRounds "11"]
[EventCountry "GEO"]
[SourceTitle "Ajedrez en Madrid"]
[Source "lmi"]
[SourceDate "2018.09.24"]
[WhiteTeam "Georgia 1"]
[BlackTeam "France"]
[BlackTeamCountry "FRA"]

1. d4 e6 2. c4 b6 3. a3 Bb7 4. Nc3 Nf6 5. d5 Bd6 6. Nf3 O-O 7. g3 c6 8. Bg2 Na6
9. O-O cxd5 10. cxd5 Nxd5 11. Nxd5 exd5 12. Ng5 Nc7 13. Qd3 f5 14. Nh3 Qe7 15.
Bf4 Be5 16. Bxe5 Qxe5 17. Qd2 Bc6 18. Rad1 Ne6 19. e3 Rae8 20. b4 Kh8 21. Nf4
Nxf4 22. exf4 Qf6 23. Bxd5 Re7 24. Qd3 Qb2 25. Bxc6 dxc6 26. Qxf5 Rfe8 27. Rd7
Rxd7 28. Qxd7 Rf8 29. Qxa7 b5 30. Qe7 Rg8 31. f5 Qxa3 32. f6 Qa8 33. f7 Rf8 34.
Re1 1-0

[Event "43. Olimpiada Batumi 2018 Femenina"]
[Site "Batumi GEO"]
[Date "2018.09.26"]
[Round "3.3"]
[White "Guichard, Pauline"]
[Black "Khotenashvili, Bela"]
[Result "1/2-1/2"]
[WhiteElo "2390"]
[BlackElo "2469"]
[PlyCount "140"]
[EventDate "2018.09.24"]
[EventType "team-swiss"]
[EventRounds "11"]
[EventCountry "GEO"]
[SourceTitle "Ajedrez en Madrid"]
[Source "lmi"]
[SourceDate "2018.09.24"]
[WhiteTeam "France"]
[BlackTeam "Georgia 1"]
[WhiteTeamCountry "FRA"]

1. Nf3 Nf6 2. c4 b6 3. g3 Bb7 4. Bg2 g6 5. b3 Bg7 6. Bb2 O-O 7. O-O e6 8. Nc3
d5 9. d4 Ne4 10. Nxe4 dxe4 11. Ne5 f6 12. Nd3 Qe7 13. Nf4 f5 14. Qc1 Nd7 15. d5
Bxb2 16. Qxb2 exd5 17. cxd5 Qe5 18. Rab1 Rf7 19. Rfd1 Qxb2 20. Rxb2 Ne5 21. f3
e3 22. Nd3 Nxd3 23. Rxd3 Rd8 24. f4 Rfd7 25. d6 c5 26. Bxb7 Rxb7 27. Rb1 Rbd7
28. Rbd1 Re8 29. Kg2 Re6 30. Kf3 Kf7 31. Rd5 Kf6 32. R1d3 h6 33. h3 h5 34. g4
hxg4+ 35. hxg4 fxg4+ 36. Kxg4 a5 37. a4 Re4 38. Kf3 Re6 39. Rd1 Re8 40. Rg1 Kf7
41. Rh1 Kf6 42. Kg4 Re6 43. Rhd1 Re4 44. R1d3 Re6 45. Kf3 Kf7 46. f5 gxf5 47.
Rxf5+ Ke8 48. Rfd5 Rf7+ 49. Kg4 Kd7 50. Rf5 Rh7 51. Kf4 Rh4+ 52. Kf3 Rxd6 53.
Rxe3 Rh3+ 54. Kf2 Rxe3 55. Kxe3 Rd4 56. Rf4 Rd1 57. Rf3 Rd4 58. Rf4 Rd1 59. Ke4
Ke6 60. Rf3 Rd4+ 61. Ke3 Ke5 62. Rh3 Rb4 63. Kd2 c4 64. bxc4 Rxa4 65. Rb3 Kd4
66. Rxb6 Ra2+ 67. Kc1 Rxe2 68. Kb1 a4 69. Rb2 Rxb2+ 70. Kxb2 Kxc4 1/2-1/2

[Event "43. Olimpiada Batumi 2018 Femenina"]
[Site "Batumi GEO"]
[Date "2018.09.26"]
[Round "3.4"]
[White "Arabidze, Meri"]
[Black "Milliet, Sophie"]
[Result "1/2-1/2"]
[WhiteElo "2404"]
[BlackElo "2389"]
[PlyCount "72"]
[EventDate "2018.09.24"]
[EventType "team-swiss"]
[EventRounds "11"]
[EventCountry "GEO"]
[SourceTitle "Ajedrez en Madrid"]
[Source "lmi"]
[SourceDate "2018.09.24"]
[WhiteTeam "Georgia 1"]
[BlackTeam "France"]
[BlackTeamCountry "FRA"]

1. d4 Nf6 2. c4 e6 3. Nf3 Bb4+ 4. Nc3 b6 5. e3 Bb7 6. Bd3 O-O 7. O-O c5 8. Na4
cxd4 9. exd4 Re8 10. a3 Bf8 11. b4 a5 12. b5 d6 13. Be3 Nbd7 14. Rc1 Rc8 15.
Re1 g6 16. Be2 Nh5 17. Ng5 Nhf6 18. h3 Qc7 19. Qb3 Qb8 20. d5 exd5 21. Nxb6
Nxb6 22. Bxb6 h6 23. Bd4 dxc4 24. Bxc4 d5 25. Bf1 hxg5 26. Bxf6 Qf4 27. Rxe8
Rxe8 28. Bb2 a4 29. Qc3 d4 30. Qxd4 Qxd4 31. Bxd4 Bxa3 32. Ra1 Re4 33. Rxa3
Rxd4 34. Bd3 Be4 35. Bxe4 Rxe4 36. b6 Rb4 1/2-1/2

[Event "43. Olimpiada Batumi 2018 Femenina"]
[Site "Batumi GEO"]
[Date "2018.09.26"]
[Round "3.1"]
[White "Zatonskih, Anna"]
[Black "Matras-Clement, Agnieszka"]
[Result "1/2-1/2"]
[WhiteElo "2431"]
[BlackElo "2225"]
[PlyCount "94"]
[EventDate "2018.09.24"]
[EventType "team-swiss"]
[EventRounds "11"]
[EventCountry "GEO"]
[SourceTitle "Ajedrez en Madrid"]
[Source "lmi"]
[SourceDate "2018.09.24"]
[WhiteTeam "United States of America"]
[BlackTeam "Canada"]
[BlackTeamCountry "CAN"]

1. d4 d5 2. c4 c6 3. cxd5 cxd5 4. Bf4 Nc6 5. e3 Nf6 6. Nc3 a6 7. Bd3 e6 8. Rc1
Bd6 9. Bxd6 Qxd6 10. f4 O-O 11. Nf3 b5 12. O-O Bb7 13. Ne5 Rac8 14. Qe2 Ne7 15.
Bb1 Ne4 16. Nd3 f5 17. a4 bxa4 18. Nxa4 Bc6 19. Ndc5 Bxa4 20. Bxe4 dxe4 21.
Nxa4 Rxc1 22. Rxc1 Rb8 23. Nc5 Rb6 24. Rc4 h6 25. Qd2 Nd5 26. b3 a5 27. h3 Rb4
28. Rc1 Kh7 29. Ra1 Qb6 30. Kh2 Nf6 31. Qe2 Kg8 32. Qa2 Rb5 33. Qc2 Nd5 34. Re1
Qd6 35. Qe2 Rb4 36. Kh1 Kh7 37. Qh5 Qe7 38. Qe2 Qd6 39. Ra1 Qb6 40. Qd2 Kg8 41.
Re1 Qb5 42. Qd1 Nf6 43. Qc2 Qc6 44. Qd2 Nd5 45. Rc1 Qb5 46. Re1 Kh7 47. Qd1 Nf6
1/2-1/2

[Event "43. Olimpiada Batumi 2018 Femenina"]
[Site "Batumi GEO"]
[Date "2018.09.26"]
[Round "3.2"]
[White "Zhou, Qiyu"]
[Black "Krush, Irina"]
[Result "0-1"]
[WhiteElo "2207"]
[BlackElo "2423"]
[PlyCount "76"]
[EventDate "2018.09.24"]
[EventType "team-swiss"]
[EventRounds "11"]
[EventCountry "GEO"]
[SourceTitle "Ajedrez en Madrid"]
[Source "lmi"]
[SourceDate "2018.09.24"]
[WhiteTeam "Canada"]
[BlackTeam "United States of America"]
[WhiteTeamCountry "CAN"]

1. e4 c5 2. Nf3 e6 3. d4 cxd4 4. Nxd4 a6 5. Nc3 Qc7 6. Be3 Bb4 7. Qd2 Nf6 8.
Bd3 d5 9. exd5 Nxd5 10. Nde2 Nxe3 11. Qxe3 Nc6 12. O-O O-O 13. Rad1 b6 14. Na4
Rb8 15. Be4 Be7 16. Qc3 Bb7 17. Qe3 Nb4 18. Nac3 Rfd8 19. a3 Bxe4 20. Qxe4 Nc6
21. h3 g6 22. Nf4 Bf6 23. Nfe2 Na5 24. Rxd8+ Rxd8 25. Rd1 Rc8 26. Nd4 Be5 27.
Nce2 Nc4 28. b3 Nxa3 29. Ra1 Nb5 30. Rxa6 Nxd4 31. Nxd4 Rd8 32. Ra4 b5 33. Rb4
Qc5 34. c3 Qxc3 35. Qxe5 Qxb4 36. Nc6 Rd1+ 37. Kh2 Qd6 38. Qxd6 Rxd6 0-1

[Event "43. Olimpiada Batumi 2018 Femenina"]
[Site "Batumi GEO"]
[Date "2018.09.26"]
[Round "3.3"]
[White "Foisor, Sabina-Francesca"]
[Black "Ouellet, Maili-Jade"]
[Result "0-1"]
[WhiteElo "2311"]
[BlackElo "2144"]
[PlyCount "142"]
[EventDate "2018.09.24"]
[EventType "team-swiss"]
[EventRounds "11"]
[EventCountry "GEO"]
[SourceTitle "Ajedrez en Madrid"]
[Source "lmi"]
[SourceDate "2018.09.24"]
[WhiteTeam "United States of America"]
[BlackTeam "Canada"]
[BlackTeamCountry "CAN"]

1. d4 d5 2. c4 e6 3. Nc3 Be7 4. cxd5 exd5 5. Bf4 c6 6. Qc2 g6 7. e3 Bf5 8. Qd2
Nf6 9. f3 h5 10. Bd3 Bxd3 11. Qxd3 Nbd7 12. Nge2 b5 13. O-O O-O 14. Rad1 b4 15.
Nb1 c5 16. b3 Qb6 17. Nd2 Rfe8 18. Bg3 Rac8 19. Bf2 cxd4 20. exd4 Nf8 21. Kh1
Bd6 22. Bh4 Bb8 23. Rc1 N8h7 24. Bg3 Bxg3 25. hxg3 Ng5 26. Nf4 Ne6 27. Nxe6
Qxe6 28. Qb5 Qd6 29. f4 Rxc1 30. Rxc1 h4 31. Nf3 Re4 32. Qc5 Qxc5 33. dxc5 hxg3
34. c6 Re8 35. Nd4 Rc8 36. Kg1 Kf8 37. Rc5 Ke7 38. Ra5 Rc7 39. Rb5 Kd6 40. Rxb4
Kc5 41. Rb7 Ne8 42. Ne2 Kxc6 43. Rxc7+ Nxc7 44. Nxg3 Kc5 45. Ne2 Kb4 46. Kf2
Ka3 47. Nd4 Kxa2 48. b4 Ne6 49. Nc6 a6 50. Ke3 Kb3 51. g4 Kc3 52. Ne5 d4+ 53.
Ke4 f6 54. Nd3 Ng7 55. f5 gxf5+ 56. gxf5 Nxf5 57. Nc5 Nd6+ 58. Kd5 Nb5 59. Nxa6
f5 60. Nc5 Kxb4 61. Nd3+ Kc3 62. Nf2 d3 63. Ke5 d2 64. Kxf5 Kc2 65. Ke5 Nc3 66.
Kd4 Ne2+ 67. Kc4 Nf4 68. Kb5 Nh3 69. Ng4 Kd3 70. Ne5+ Ke4 71. Nc4 d1=Q 0-1